Harvard Business Review on Brand Management (Record no. 2264)

MARC details
000 -LEADER
fixed length control field 00367nam a22001577a 4500
005 - DATE AND TIME OF LATEST TRANSACTION
control field 20160531153327.0
008 - FIXED-LENGTH DATA ELEMENTS--GENERAL INFORMATION
fixed length control field 160531b xxu||||| |||| 00| 0 eng d
020 ## - INTERNATIONAL STANDARD BOOK NUMBER
ISBN 978-0-07-025283-7
041 ## - LANGUAGE CODE
Language code of text/sound track or separate title eng
082 ## - DEWEY DECIMAL CLASSIFICATION NUMBER
Item number 6421
245 ## - TITLE STATEMENT
Title Harvard Business Review on Brand Management
260 ## - PUBLICATION, DISTRIBUTION, ETC. (IMPRINT)
Name of publisher HBR
Year of publication 1998
300 ## - PHYSICAL DESCRIPTION
Number of Pages 211
650 ## - SUBJECT ADDED ENTRY--TOPICAL TERM
Topical Term Management
942 ## - ADDED ENTRY ELEMENTS (KOHA)
Koha item type Books
Holdings
Lost status Damaged status Collection code Home library Current library Shelving location Date acquired Full call number Accession Number Koha item type
    LIFE SKILL JRU Library JRU Library SHELF-45-A 31/05/2016 6421 6421 Books